Alphabetisation scientifique et technique : essai sur les finalites de l'enseignement des sciences
Αποθηκεύτηκε σε:
| Κύριος συγγραφέας: | |
|---|---|
| Μορφή: | Βιβλίο |
| Γλώσσα: | French |
| Δημοσίευση: |
Bruxelles :
De Boeck,
1994
|
| Σειρά: | Pedagogies en developpement,
|
| Θέματα: | |
| Ετικέτες: |
Προσθήκη ετικέτας
Δεν υπάρχουν, Καταχωρήστε ετικέτα πρώτοι!
|
MARC
| LEADER | 00000nam a2200000 i 4500 | ||
|---|---|---|---|
| 001 | 1/84723 | ||
| 008 | 980312s1994 fre d | ||
| 020 | |a 2-8041-1958-0 | ||
| 035 | |a 1997 |b 3 |c Χατζηνικήτα |l 10034512 | ||
| 040 | |a GR-MY-UA |b gre |e aacr | ||
| 041 | 0 | |a fre | |
| 082 | 0 | |a 507 | |
| 100 | 1 | |a Fourez, Gerard. | |
| 245 | 1 | 0 | |a Alphabetisation scientifique et technique : |b essai sur les finalites de l'enseignement des sciences / |c Gerard Fourez |
| 260 | |a Bruxelles : |b De Boeck, |c 1994 | ||
| 300 | |a 218 p. | ||
| 490 | 1 | |a Pedagogies en developpement. Nouvelles pratiques de formation |v ; Serie 5 |x 0777-5245 | |
| 650 | 0 | 0 | |a Science |x Study and teaching. |
| 650 | 0 | 0 | |a Engineering |x Study and teaching. |
| 830 | 0 | |a Pedagogies en developpement, |x 0777-5245 | |
| 852 | |a INST |b RHODES |e 19980312 |h 507 FOU |p 005400010952 |q 005400010952 |t BK |y 0 | ||
| 901 | |a BIBL-1998-1 | ||
| 909 | |a Ρ |b 052267 |c 1997 | ||